| 000 | 00862cam a22002413a 4500 | ||
|---|---|---|---|
| 001 | 5157 | ||
| 003 | PGUSA | ||
| 005 | 20140828083114.0 | ||
| 008 | 040201s2004||||xxu|||||s|||||000 | eng d | ||
| 040 |
_aPGUSA _beng |
||
| 042 | _adc | ||
| 050 | 4 | _aDT | |
| 100 | 1 |
_aStanley, Henry M. _q(Henry Morton), _d1841-1904 |
|
| 245 | 1 | 0 |
_aHow I Found Livingstone : _bTravels, adventures, and discoveres in Central Africa, including an account of four months' residence with Dr. Livingstone, by Henry M. Stanley _h[electronic resource] / _cHenry M. Stanley |
| 260 |
_bProject Gutenberg, _c2004 |
||
| 506 | _aPublic domain in the USA. | ||
| 516 | _aElectronic text | ||
| 653 | _aAfrica, Central -- Description and travel | ||
| 653 | _aLivingstone, David, 1813-1873 | ||
| 830 | 0 |
_aProject Gutenberg _v5157 |
|
| 856 | 4 | 0 | _uhttp://www.gutenberg.org/ebooks/5157 |
| 942 | _cEB | ||
| 999 |
_c234486 _d234486 |
||